00624nam a2200169Ia 4500008004100000020001800041041000800059082001600067100003300083245012200116250000600238260003200244300001100276650002300287999001900310952012500329210716s2013 xx 000 0 und d a9780749467654 aeng a374.22 BEAC aBeard, Colin;Wilson, John P. aExperiential learning: a handbook for education training and coaching.bHandbook for education training and coaching. a3 aNew DelhibKogan Pagec2013 aix,331 aGeneral Management c208338d208338 001040708MBAaAIMITbAIMITd2013-12-19g995.00l0o374.22 BEACpMBA10904r2026-05-23 00:00:00v746.25w2021-07-16yBK